000 00436cam a2200169ua 4500
003 OSt
008 240213b |||||||| |||| 00| 0 eng d
041 _aeng
082 _a320.58
_bGAN/GA
100 _aGandhi, M K.
_94546
245 _aGandhiji`s correspondence with the Government /
260 _aAhmadabad :
_bNavajivan publishing house ,
_c1957.
300 _a288 ; .
500 _aanex
650 _aGandhiana
_95290
942 _cBK
999 _c1066
_d1066